Agrometeorología /
Guardado en:
| Autor Principal: | |
|---|---|
| Formato: | Libro |
| Idioma: | Spanish |
| Publicado: |
México :
Trillas,
1995.
|
| Etiquetas: |
Agregar Etiqueta
Sin Etiquetas, Sea el primero en etiquetar este registro!
|
| LEADER | 00439nam a22001455a 4500 | ||
|---|---|---|---|
| 001 | EEA.libagro006049 | ||
| 005 | 20161006122651.0 | ||
| 008 | 130809s1995####mx#a##########000#0#spa#d | ||
| 020 | |a 9682449170 | ||
| 082 | 0 | 4 | |a 630.2515 |
| 100 | 1 | |a Torres Ruiz, Edmundo. | |
| 245 | 1 | 0 | |a Agrometeorología / |c Edmundo Torres Ruiz. |
| 260 | |a México : |b Trillas, |c 1995. | ||
| 300 | |a 154 p. : |b il. ; |c 23 cm. | ||
| 859 | |a AR-BbBCA |b BIB. AGRONOMIA |h 630.2515 |i T693-1 |p 1998/3408 | ||
